Gem Guide to Modern Warships (Collins Gems) (Record no. 61166)
[ view plain ]
| 000 -LEADER | |
|---|---|
| fixed length control field | 00688nam a22001817a 4500 |
| 003 - CONTROL NUMBER IDENTIFIER | |
| control field | NUST-PNEC |
| 005 - DATE AND TIME OF LATEST TRANSACTION | |
| control field | 20170116180716.0 |
| 008 - FIXED-LENGTH DATA ELEMENTS--GENERAL INFORMATION | |
| fixed length control field | 141020b xxu||||| |||| 00| 0 eng d |
| 020 ## - INTERNATIONAL STANDARD BOOK NUMBER | |
| International Standard Book Number | 000458855x |
| 040 ## - CATALOGING SOURCE | |
| Transcribing agency | PNEC |
| 082 ## - DEWEY DECIMAL CLASSIFICATION NUMBER | |
| Classification number | 623.82509 AVE |
| 100 ## - MAIN ENTRY--PERSONAL NAME | |
| 9 (RLIN) | 700 |
| Personal name | Avery Derek |
| 245 ## - TITLE STATEMENT | |
| Title | Gem Guide to Modern Warships (Collins Gems) |
| Statement of responsibility, etc. | Derek Avery |
| 260 ## - PUBLICATION, DISTRIBUTION, ETC. | |
| Place of publication, distribution, etc. | London ; Glasgow : |
| Name of publisher, distributor, etc. | Collins, |
| Date of publication, distribution, etc. | c.1987. |
| 300 ## - PHYSICAL DESCRIPTION | |
| Extent | 240 pages. |
| 500 ## - GENERAL NOTE | |
| General note | http://www.amazon.com/Guide-Modern-Warships-Collins-Gems/dp/000458855X/ref=sr_1_1?s=books&ie=UTF8&qid=1413791404&sr=1-1&keywords=000458855x https://www.worldcat.org/title/modern-warships/oclc/877118704&referer=brief_results |
| 942 ## - ADDED ENTRY ELEMENTS (KOHA) | |
| Source of classification or shelving scheme | |
| Koha item type | Book |
| Withdrawn status | Lost status | Source of classification or shelving scheme | Damaged status | Not for loan | Permanent Location | Current Location | Date acquired | Source of acquisition | Cost, normal purchase price | Total Checkouts | Full call number | Barcode | Date last seen | Cost, replacement price | Price effective from | Koha item type |
|---|---|---|---|---|---|---|---|---|---|---|---|---|---|---|---|---|
| Pakistan Navy Engineering College (PNEC) | Pakistan Navy Engineering College (PNEC) | 10/04/1992 | Royal Book Company | 83.00 | 623.82509 AVE | PNECLIB-016692 | 10/20/2014 | 83.00 | 10/04/1992 | Book |
